000 00379nam a2200157Ia 4500
100 _aDebetta/Peter
650 _aComputers
942 _cBK
366 _f15
654 _amicrosoft
245 _aIntroducing Microsoft SQL Server 2005 for Developers
260 _bPrentice -Hall of India
_aNew Delhi
_c2005
082 _a005.362/DEB
_bDEB
300 _a243
546 _aENGLISH
999 _c32083
_d32083